000 00304nam a22001337a 4500
008 171027b xxu||||| |||| 00| 0 eng d
020 _a9780030754814
041 _aeng
080 _26 ED
_a336
100 _a56
101 _aFIN
245 _aPERSONAL FINANCIA PLANING
_cJOEHNA.M.D
942 _2udc
_cBK
999 _c36120
_d36120